00350 a2200109 4500001001000000005001700010008004100027245006400068100002400132773006700156999001700223ART_1879020260410161920.0260409a 10aProblemas en la aplicación del impuesto al valor agregado1 aChalupowicz, Israel0 tLa informacióng- Tomo XXXVII, Nº 581 (mayo 1978)wREV14902 c27613d27613